| 000 | 00479cam a2200193 4500 | ||
|---|---|---|---|
| 001 | D11848 | ||
| 008 | 090401t1977 xxu||||| |||| 00| 0 eng d | ||
| 035 | _a(Sirsi) u99902 | ||
| 041 | _aeng | ||
| 050 | _a692.2026 | ||
| 100 | _aWood, Derek | ||
| 245 | 4 | _aThe pattern of current legislation affecting buildings | |
| 260 | _c1977 | ||
| 300 | _ai. 12p | ||
| 350 | _a0 | ||
| 520 | _aIn: RICS. Legislation relating to buildings... 1977/4 | ||
| 942 | _n0 | ||
| 948 | _c04/03/1997 | ||
| 999 |
_c99516 _d99516 |
||